Catalog

Record Details

Catalog Search



Business Intelligence for the Real-Time Enterprise Second International Workshop, BIRTE 2008, Auckland, New Zealand, August 24, 2008, Revised Selected Papers  Cover Image E-book E-book

Business Intelligence for the Real-Time Enterprise [electronic resource] : Second International Workshop, BIRTE 2008, Auckland, New Zealand, August 24, 2008, Revised Selected Papers / edited by Malu Castellanos, Umesh Dayal, Timos Sellis.

Castellanos, Malu. (editor.). Dayal, Umesh. (editor.). Sellis, Timos. (editor.). SpringerLink (Online service) (Added Author).

Electronic resources


LDR 02090nam a22005175i 4500
00138571
003CONS
00520131220095143.0
007cr nn 008mamaa
008100301s2009 gw | s |||| 0|eng d
020 . ‡a9783642034220 ‡9978-3-642-03422-0
0247 . ‡a10.1007/978-3-642-03422-0 ‡2doi
035 . ‡a(DE-He213)978-3-642-03422-0
050 4. ‡aHF54.5-54.56
072 7. ‡aKJQ ‡2bicssc
072 7. ‡aUF ‡2bicssc
072 7. ‡aBUS083000 ‡2bisacsh
072 7. ‡aCOM039000 ‡2bisacsh
1001 . ‡aCastellanos, Malu. ‡eeditor.
24510. ‡aBusiness Intelligence for the Real-Time Enterprise ‡h[electronic resource] : ‡bSecond International Workshop, BIRTE 2008, Auckland, New Zealand, August 24, 2008, Revised Selected Papers / ‡cedited by Malu Castellanos, Umesh Dayal, Timos Sellis.
264 1. ‡aBerlin, Heidelberg : ‡bSpringer Berlin Heidelberg, ‡c2009.
300 . ‡bonline resource.
336 . ‡atext ‡btxt ‡2rdacontent
337 . ‡acomputer ‡bc ‡2rdamedia
338 . ‡aonline resource ‡bcr ‡2rdacarrier
347 . ‡atext file ‡bPDF ‡2rda
4901 . ‡aLecture Notes in Business Information Processing, ‡x1865-1348 ; ‡v27
650 0. ‡aEconomics.
650 0. ‡aDatabase management.
650 0. ‡aData mining.
650 0. ‡aInformation storage and retrieval systems.
650 0. ‡aInformation systems.
650 0. ‡aManagement information systems.
65014. ‡aEconomics/Management Science.
65024. ‡aBusiness Information Systems.
65024. ‡aData Mining and Knowledge Discovery.
65024. ‡aInformation Storage and Retrieval.
65024. ‡aComputer Appl. in Administrative Data Processing.
65024. ‡aDatabase Management.
7001 . ‡aDayal, Umesh. ‡eeditor.
7001 . ‡aSellis, Timos. ‡eeditor.
7102 . ‡aSpringerLink (Online service)
7730 . ‡tSpringer eBooks
77608. ‡iPrinted edition: ‡z9783642034213
830 0. ‡aLecture Notes in Business Information Processing, ‡x1865-1348 ; ‡v27
85640. ‡uhttp://biblioteca.ipicyt.edu.mx:2048/login?url=http://dx.doi.org/10.1007/978-3-642-03422-0 ‡yTexto completo ‡9CONS
950 . ‡aComputer Science (Springer-11645)
901 . ‡a38571 ‡b ‡c38571 ‡tbiblio ‡sSystem Local

Additional Resources